Every Song by Guns N' Roses - Statistics

General Stats
  • This quiz has been taken 72 times
    54 since last reset
  • The average score is 29 of 63
Answer Stats
Album Song % Correct
Use Your Illusion I(1991) November Rain
97%
Appetite for Destruction(1987) Sweet Child o' Mine
95%
Appetite for Destruction(1987) Welcome to the Jungle
95%
Appetite for Destruction(1987) Paradise City
92%
Use Your Illusion I(1991) Don't Cry
82%
Use Your Illusion II(1991) Don't Cry
82%
Chinese Democracy(2008) Chinese Democracy
74%
Appetite for Destruction(1987) Rocket Queen
71%
Use Your Illusion II(1991) Civil War
66%
Appetite for Destruction(1987) Nightrain
66%
Use Your Illusion II(1991) You Could Be Mine
66%
Appetite for Destruction(1987) Mr. Brownstone
63%
Appetite for Destruction(1987) My Michelle
63%
G N' R Lies(1988) Patience
63%
G N' R Lies(1988) One in a Million
58%
Appetite for Destruction(1987) It's So Easy
55%
Use Your Illusion II(1991) 14 Years
53%
Hard Skool(2022) Hard Skool
53%
Appetite for Destruction(1987) Anything Goes
47%
Use Your Illusion I(1991) Coma
47%
Use Your Illusion II(1991) Estranged
47%
Use Your Illusion II(1991) My World
47%
Use Your Illusion I(1991) The Garden
47%
G N' R Lies(1988) Used to Love Her
47%
Use Your Illusion II(1991) Yesterdays
47%
Use Your Illusion I(1991) Garden of Eden
45%
Chinese Democracy(2008) Madagascar
45%
Appetite for Destruction(1987) Out ta Get Me
45%
Appetite for Destruction(1987) You're Crazy
45%
Use Your Illusion I(1991) Dead Horse
42%
Use Your Illusion II(1991) Get in the Ring
42%
Use Your Illusion I(1991) Back Off Bitch
39%
Use Your Illusion I(1991) Dust N' Bones
39%
Non-Album(2023) Perhaps
39%
Use Your Illusion II(1991) Pretty Tied Up (The Perils of Rock N' Roll Decadence)
39%
Appetite for Destruction(1987) Think About You
39%
Use Your Illusion I(1991) Bad Apples
37%
Use Your Illusion II(1991) Locomotive (Complicity)
37%
Live ?!*@ Like a Suicide(1986) Move to the City
37%
Hard Skool(2022) Absurd
34%
Use Your Illusion I(1991) Bad Obsession
34%
Use Your Illusion I(1991) Double Talkin' Jive
34%
Chinese Democracy(2008) Prostitute
34%
Use Your Illusion I(1991) Right Next Door to Hell
34%
Use Your Illusion II(1991) Shotgun Blues
34%
Use Your Illusion II(1991) So Fine
34%
Chinese Democracy(2008) Better
32%
Chinese Democracy(2008) Catcher in the Rye
32%
Chinese Democracy(2008) Street of Dreams
32%
Use Your Illusion I(1991) You Ain't the First
32%
Chinese Democracy(2008) I.R.S.
29%
Use Your Illusion I(1991) Perfect Crime
29%
Chinese Democracy(2008) Riad N' the Bedouins
29%
Chinese Democracy(2008) If the World
26%
Live ?!*@ Like a Suicide(1986) Reckless Life
26%
Chinese Democracy(2008) Shackler's Revenge
26%
Chinese Democracy(2008) Sorry
26%
Chinese Democracy(2008) This I Love
26%
Use Your Illusion I(1991) Don't Damn Me
24%
Guns N' Roses(1988) Shadow of Your Love
24%
Chinese Democracy(2008) There Was a Time
24%
Use Your Illusion II(1991) Breakdown
21%
Chinese Democracy(2008) Scraped
21%
No matching quizzes found
Score Distribution
Percent of People with Each Score
Percentile by Number Answered
Your Score History
You have not taken this quiz since the last reset